[Event "4NCL/Div3/PPA2 vs. ATH"]
[Site "Telford ENG"]
[Date "2005.01.16"]
[Round "4.3"]
[White "Young, Craig A"]
[Black "Johansson, Toni"]
[Result "1/2-1/2"]
[WhiteElo "2102"]
[BlackElo "2143"]
[PlyCount "85"]
[EventDate "2005.01.16"]
[EventType "team"]
[EventRounds "11"]
[EventCountry "ENG"]
[SourceDate "2004.09.21"]

1. d4 Nf6 2. Nf3 g6 3. c4 Bg7 4. Nc3 O-O 5. e4 d6 6. Be2 e5 7. O-O Nc6 8. d5
Ne7 9. Ne1 Nd7 10. Be3 f5 11. f3 f4 12. Bf2 g5 13. g4 h5 14. h3 Kf7 15. Kg2 Rh8
16. Nd3 Nf6 17. Rh1 Ng6 18. c5 Rh6 19. cxd6 cxd6 20. Rc1 hxg4 21. hxg4 Rxh1 22.
Qxh1 Bd7 23. b4 Qe7 24. Qd1 Rh8 25. Qb3 Nh4+ 26. Bxh4 Rxh4 27. Rh1 Nxg4 28.
fxg4 Bxg4 29. Rxh4 Bxe2 30. Nxe2 gxh4 31. Ne1 Qc7 32. a3 Bh6 33. Qc3 Qd7 34.
Qh3 Qb5 35. Qd3 Qd7 36. Kh2 Qc8 37. Qc3 Qd8 38. Qf3 Qb6 39. Kg2 Qb5 40. Qd3 Qd7
41. Kh2 Qa4 42. Ng2 Qd7 43. Ne1 1/2-1/2

[Event "4NCL/Div3/PPA2 vs. ATH"]
[Site "Telford ENG"]
[Date "2005.01.16"]
[Round "4.4"]
[White "Stevenson, James A B"]
[Black "Retallick, Lloyd"]
[Result "0-1"]
[WhiteElo "2092"]
[BlackElo "2115"]
[PlyCount "92"]
[EventDate "2005.01.16"]
[EventType "team"]
[EventRounds "11"]
[EventCountry "ENG"]
[SourceDate "2004.09.21"]

1. d4 d5 2. Nf3 e6 3. c4 Be7 4. g3 c6 5. Bg2 Nd7 6. b3 Ngf6 7. O-O O-O 8. Nc3
b6 9. Qc2 dxc4 10. bxc4 Bb7 11. Rd1 Qc7 12. e4 e5 13. dxe5 Nxe5 14. Bf4 Nfd7
15. Kh1 f6 16. Na4 Rfd8 17. Qc3 g5 18. Be3 Nxf3 19. Bxf3 Ne5 20. Bg2 Rxd1+ 21.
Rxd1 Rd8 22. Rd2 g4 23. Bf4 Rxd2 24. Qxd2 Qd7 25. Qe2 Bc8 26. Bf1 Qd4 27. Bxe5
fxe5 28. h3 h5 29. hxg4 hxg4 30. Kg1 Be6 31. Qd3 Kf7 32. Kg2 Bb4 33. Be2 Qxd3
34. Bxd3 c5 35. Nb2 Bc3 36. Nd1 Bd4 37. a3 Ke7 38. Kf1 b5 39. cxb5 c4 40. Bc2
Kd6 41. Ke2 Kc5 42. a4 Kb4 43. Ne3 Bxe3 44. Kxe3 c3 45. Bd1 Bb3 46. Bxg4 Ka3
0-1

[Event "4NCL/Div3/PPA2 vs. ATH"]
[Site "Telford ENG"]
[Date "2005.01.16"]
[Round "4.5"]
[White "Bailey, Kevin"]
[Black "Dalmau, Anneli"]
[Result "1/2-1/2"]
[WhiteElo "2135"]
[BlackElo "2087"]
[PlyCount "56"]
[EventDate "2005.01.16"]
[EventType "team"]
[EventRounds "11"]
[EventCountry "ENG"]
[SourceDate "2004.09.21"]

1. d4 f5 2. Nc3 d5 3. Bf4 c6 4. e3 Nf6 5. Bd3 g6 6. h4 Bg7 7. h5 Ne4 8. Nf3 Be6
9. hxg6 hxg6 10. Rxh8+ Bxh8 11. Bxe4 dxe4 12. Ne5 Bxe5 13. Bxe5 Nd7 14. Bf4 Qb6
15. Qd2 O-O-O 16. O-O-O Qa6 17. a3 Nb6 18. Qe2 Nc4 19. Nb1 Qb5 20. b3 Nxa3 21.
Qxb5 Nxb5 22. Rh1 Nd6 23. Nd2 Nf7 24. g4 Rh8 25. Rg1 Kd7 26. gxf5 gxf5 27. f3
exf3 28. Nxf3 Rh7 1/2-1/2

[Event "4NCL/Div3/PPA2 vs. ATH"]
[Site "Telford ENG"]
[Date "2005.01.16"]
[Round "4.6"]
[White "Quinn, John M"]
[Black "Winfridsson, Ola"]
[Result "1/2-1/2"]
[WhiteElo "2157"]
[BlackElo "2080"]
[PlyCount "59"]
[EventDate "2005.01.16"]
[EventType "team"]
[EventRounds "11"]
[EventCountry "ENG"]
[SourceDate "2004.09.21"]

1. d4 Nf6 2. c4 e6 3. Nc3 Bb4 4. Qc2 Nc6 5. Nf3 d6 6. Bd2 Qe7 7. e3 O-O 8. a3
Bxc3 9. Bxc3 a5 10. h3 a4 11. Be2 e5 12. d5 Nb8 13. g4 g6 14. O-O-O Nbd7 15.
Rdg1 Nc5 16. Nd2 c6 17. g5 Ne8 18. e4 cxd5 19. cxd5 b6 20. h4 Ba6 21. Bxa6 Rxa6
22. h5 Nc7 23. f4 Nb5 24. f5 Nxc3 25. bxc3 Nb3+ 26. Kb2 Nxd2 27. Qxd2 Qd7 28.
Qe2 Ra5 29. hxg6 fxg6 30. Ka2 1/2-1/2

[Event "4NCL/Div3/PPA2 vs. ATH"]
[Site "Telford ENG"]
[Date "2005.01.16"]
[Round "4.7"]
[White "McMahon, Paul"]
[Black "Dalmau, Jorgen"]
[Result "0-1"]
[WhiteElo "2031"]
[BlackElo "2057"]
[PlyCount "52"]
[EventDate "2005.01.16"]
[EventType "team"]
[EventRounds "11"]
[EventCountry "ENG"]
[SourceDate "2004.09.21"]

1. Nc3 e5 2. Nf3 Nc6 3. d4 exd4 4. Nxd4 d5 5. Bf4 a6 6. e4 Bb4 7. Qd3 Nf6 8.
Nxc6 bxc6 9. O-O-O O-O 10. exd5 Bxc3 11. Qxc3 Nxd5 12. Qxc6 Be6 13. Bc4 Qf6 14.
Bd2 Rab8 15. Bb3 Rb6 16. Qa4 c5 17. Ba5 Rbb8 18. Rxd5 Bxd5 19. Bxd5 Qxb2+ 20.
Kd2 Qf6 21. Re1 Qg5+ 22. Re3 Qxd5+ 23. Ke2 c4 24. Bc3 Rb1 25. f3 Qd1+ 26. Kf2
Qg1+ 0-1

[Event "4NCL/Div3/PPA2 vs. ATH"]
[Site "Telford ENG"]
[Date "2005.01.16"]
[Round "4.8"]
[White "Gruettner, Ralf"]
[Black "Sirisena, Chantal"]
[Result "0-1"]
[WhiteElo "2044"]
[BlackElo "1923"]
[PlyCount "104"]
[EventDate "2005.01.16"]
[EventType "team"]
[EventRounds "11"]
[EventCountry "ENG"]
[SourceDate "2004.09.21"]

1. d4 d5 2. c4 e6 3. cxd5 exd5 4. Nc3 c6 5. Nf3 Bf5 6. Qb3 Qb6 7. Qxb6 axb6 8.
Bf4 Nf6 9. e3 h6 10. Be2 Nbd7 11. h3 Bb4 12. O-O O-O 13. Rfc1 Rfe8 14. a3 Bf8
15. g4 Bh7 16. Nd2 b5 17. h4 Nb6 18. f3 Nc4 19. Nxc4 bxc4 20. Kf2 h5 21. g5 Nd7
22. Re1 Nb6 23. Bf1 Na4 24. Nxa4 Rxa4 25. e4 dxe4 26. fxe4 c3 27. bxc3 Rxa3 28.
Rxa3 Bxa3 29. e5 Bf5 30. Be2 g6 31. Bc1 Ra8 32. c4 Be6 33. Rd1 Bxc1 34. Rxc1
Ra2 35. Ke3 Ra3+ 36. Bd3 Bf5 37. Rd1 Rc3 38. d5 c5 39. Rd2 Kf8 40. Ke2 Bxd3+
41. Rxd3 Rxc4 42. Rb3 Re4+ 43. Re3 Rxh4 44. e6 fxe6 45. Rxe6 Rd4 46. d6 b5 47.
Rxg6 b4 48. Rh6 h4 49. d7 Rxd7 50. Rxh4 Kg7 51. Re4 b3 52. Re6 Rb7 0-1

[Event "4NCL/Div3/AD2 vs. SCS1"]
[Site "Telford ENG"]
[Date "2005.01.16"]
[Round "4.1"]
[White "Graham, David B"]
[Black "Dickinson, Timothy R"]
[Result "1-0"]
[WhiteElo "2238"]
[BlackElo "2176"]
[PlyCount "59"]
[EventDate "2005.01.16"]
[EventType "team"]
[EventRounds "11"]
[EventCountry "ENG"]
[SourceDate "2004.09.21"]

1. e4 c6 2. d4 d5 3. e5 Bf5 4. Nc3 a6 5. Bd3 Bxd3 6. Qxd3 e6 7. Nge2 c5 8. O-O
Nc6 9. Be3 Nge7 10. Na4 c4 11. Qd1 b5 12. Nac3 Nf5 {=} 13. Ng3 g6 14. Nxf5 gxf5
15. Ne2 Qh4 16. Nf4 Bh6 17. g3 Qd8 18. Nh5 Bxe3 19. fxe3 Qg5 20. Nf6+ Ke7 21.
Qf3 Kf8 22. c3 Ra7 23. b3 Na5 24. b4 Nc6 25. a4 Rb7 26. axb5 axb5 27. Ra8+ Kg7
28. Nh5+ Kg6 29. Rxh8 Qxh5 30. Rg8+ 1-0

[Event "4NCL/Div3/AD2 vs. SCS1"]
[Site "Telford ENG"]
[Date "2005.01.16"]
[Round "4.2"]
[White "Reynolds, D Ian"]
[Black "Broom, Mark"]
[Result "1-0"]
[WhiteElo "2101"]
[BlackElo "2193"]
[PlyCount "87"]
[EventDate "2005.01.16"]
[EventType "team"]
[EventRounds "11"]
[EventCountry "ENG"]
[SourceDate "2004.09.21"]

1. e4 e5 2. Nf3 Nf6 3. d4 Nxe4 4. Bd3 d5 5. Nxe5 Nd7 6. Nxd7 Bxd7 7. O-O Bd6 8.
c4 c6 9. Nc3 Nxc3 10. bxc3 O-O 11. cxd5 cxd5 12. Qh5 f5 13. c4 dxc4 14. Bxc4+
Kh8 15. Bb2 Rc8 16. Bb3 Be8 17. Qh3 Bb5 18. Rfe1 Qg5 19. Rad1 Rfe8 20. Be6 Rcd8
21. Bxf5 Rxe1+ 22. Rxe1 h6 23. Bc1 Bf4 24. Be3 Rf8 25. Be4 Qe7 26. Bxf4 Rxf4
27. Qe3 Rf8 28. d5 Bc4 29. Bf3 Qxe3 30. fxe3 Bxa2 31. Ra1 Bc4 32. Rxa7 Ba6 33.
e4 Rd8 34. Kf2 Kg8 35. Be2 Bxe2 36. Kxe2 Rd7 37. Ke3 Kf7 38. Kd4 Kf6 39. e5+
Kf5 40. Ra3 g5 41. Rf3+ Kg6 42. e6 Rc7 43. d6 Rc1 44. d7 1-0

[Event "4NCL/Div3/AD2 vs. SCS1"]
[Site "Telford ENG"]
[Date "2005.01.16"]
[Round "4.3"]
[White "Wallace, Paul"]
[Black "Moyse, Nigel"]
[Result "1-0"]
[WhiteElo "2172"]
[BlackElo "2054"]
[PlyCount "85"]
[EventDate "2005.01.16"]
[EventType "team"]
[EventRounds "11"]
[EventCountry "ENG"]
[SourceDate "2004.09.21"]

1. e4 e5 2. Nf3 Nc6 3. Bb5 a6 4. Ba4 Nf6 5. O-O Be7 6. Re1 b5 7. Bb3 d6 8. c3
O-O 9. h3 Nb8 10. d4 Nbd7 11. Nbd2 Bb7 12. Bc2 Re8 13. Nf1 Bf8 14. Ng3 g6 15.
Bg5 Bg7 16. Qd2 Qe7 17. Rad1 Qf8 18. d5 Nb6 19. b3 h6 20. Be3 Nc8 21. c4 c5 22.
a3 Kh7 23. Rb1 Qe7 24. Bd3 bxc4 25. bxc4 a5 26. Rb5 Qc7 27. Reb1 Ra7 28. a4 Ne7
29. Nxe5 dxe5 30. Bxc5 Ba6 31. Bxa7 Bxb5 32. axb5 Qxa7 33. b6 Qb7 34. Qxa5 Ra8
35. Qb5 Ra3 36. c5 Nd7 37. Bc4 Bf6 38. c6 Qxb6 39. Qxb6 Nxb6 40. Rxb6 Ra8 41.
c7 Ra1+ 42. Nf1 Kg7 43. Rb8 1-0

[Event "4NCL/Div3/AD2 vs. SCS1"]
[Site "Telford ENG"]
[Date "2005.01.16"]
[Round "4.4"]
[White "Sen, Subin"]
[Black "Mangwengwende, John"]
[Result "1-0"]
[WhiteElo "1935"]
[BlackElo "2116"]
[PlyCount "141"]
[EventDate "2005.01.16"]
[EventType "team"]
[EventRounds "11"]
[EventCountry "ENG"]
[SourceDate "2004.09.21"]

1. Nf3 Nf6 2. c4 g6 3. g3 Bg7 4. Bg2 O-O 5. d4 d6 6. O-O Nc6 7. Nc3 Rb8 8. d5
Na5 9. Qd3 c5 10. Bg5 a6 11. e4 h6 12. Bxf6 Bxf6 13. b3 b5 14. Rab1 Bd7 15.
Rfe1 Qc7 16. Nd2 bxc4 17. bxc4 Rxb1 18. Rxb1 Rb8 19. Ne2 Rb6 20. Nc1 Qb8 21.
Ncb3 Nxb3 22. Rxb3 Ba4 23. Rxb6 Qxb6 24. Nb3 Qb4 25. Bf1 Qe1 26. Qe2 Qb1 27. e5
Bxe5 28. Nxc5 Bd1 29. Qe1 Bc3 30. Qxe7 dxc5 31. d6 Bf6 32. Qe8+ Kg7 33. d7 Qb6
34. Bg2 Ba4 35. Bd5 Qd8 36. Qxf7+ Kh8 37. Qxg6 Qf8 38. Be4 Qg7 39. Qe8+ Qg8 40.
d8=Q Bxd8 41. Qxa4 Qe6 42. Qc2 Bf6 43. Kg2 Bd4 44. Bd5 Qe1 45. Qf5 Qe8 46. Qf4
Kg7 47. Qc7+ Kh8 48. Qd6 Kg7 49. Qf4 Qf8 50. Qxf8+ Kxf8 51. f4 Ke7 52. a4 a5
53. Kf3 Kf6 54. h3 Bc3 55. Ke4 Be1 56. g4 Bf2 57. Bc6 Bg3 58. Kf3 Be1 59. Bd7
Bh4 60. Ke4 Be1 61. Kd5 Bb4 62. h4 Ba3 63. g5+ hxg5 64. hxg5+ Kg6 65. Ke6 Bc1
66. Be8+ Kh7 67. Kf6 Bxf4 68. g6+ Kh6 69. g7 Be5+ 70. Kxe5 Kxg7 71. Kd5 1-0

[Event "4NCL/Div3/AD2 vs. SCS1"]
[Site "Telford ENG"]
[Date "2005.01.16"]
[Round "4.5"]
[White "Westwood, Richard D"]
[Black "Kilpatrick, Callum"]
[Result "1-0"]
[WhiteElo "2093"]
[BlackElo "1955"]
[PlyCount "63"]
[EventDate "2005.01.16"]
[EventType "team"]
[EventRounds "11"]
[EventCountry "ENG"]
[SourceDate "2004.09.21"]

1. d4 Nf6 2. Nf3 g6 3. Nbd2 Bg7 4. e3 O-O 5. b3 d6 6. Bb2 Nbd7 7. Bd3 e5 8. O-O
Re8 9. dxe5 dxe5 10. e4 Nh5 11. Re1 Nf4 12. Bf1 Nb6 13. Nc4 f5 14. Ne3 Qe7 15.
Qc1 Be6 16. c4 c6 17. Ba3 Qf7 18. Qc2 Rad8 19. c5 Nc8 20. Rad1 Bf8 21. Bc4 Bxc4
22. Qxc4 Qxc4 23. Nxc4 Ne2+ 24. Kf1 Nc3 25. Rc1 Rd3 26. Nb2 Red8 27. Nxd3 Rxd3
28. Re3 Rxe3 29. fxe3 Nxe4 30. Rd1 Be7 31. Rd7 b6 32. Rc7 1-0

[Event "4NCL/Div3/AD2 vs. SCS1"]
[Site "Telford ENG"]
[Date "2005.01.16"]
[Round "4.6"]
[White "Heard, Andrew H"]
[Black "Whitmore, Darren"]
[Result "1/2-1/2"]
[WhiteElo "1980"]
[BlackElo "2000"]
[PlyCount "39"]
[EventDate "2005.01.16"]
[EventType "team"]
[EventRounds "11"]
[EventCountry "ENG"]
[SourceDate "2004.09.21"]

1. Nf3 d5 2. c4 c6 3. d4 Nf6 4. Nc3 dxc4 5. a4 Na6 6. e4 Bg4 7. Bxc4 Bxf3 8.
gxf3 e6 9. Be3 Be7 10. Qd2 Qa5 11. e5 Nd5 12. Nxd5 Qxd2+ 13. Bxd2 cxd5 14. Bb5+
Kd8 15. Ke2 Nb4 16. Rhc1 a6 17. Bxb4 Bxb4 18. Bd3 Rc8 19. Rg1 g6 20. h3 1/2-1/2

[Event "4NCL/Div3/AD2 vs. SCS1"]
[Site "Telford ENG"]
[Date "2005.01.16"]
[Round "4.7"]
[White "Pritchard, David"]
[Black "Lutton, J Arnold"]
[Result "1/2-1/2"]
[WhiteElo "1965"]
[BlackElo "1950"]
[PlyCount "80"]
[EventDate "2005.01.16"]
[EventType "team"]
[EventRounds "11"]
[EventCountry "ENG"]
[SourceDate "2004.09.21"]

1. e4 e6 2. Nf3 d5 3. e5 c5 4. b4 c4 5. c3 Nd7 6. d3 cxd3 7. Bxd3 Qc7 8. Qe2
Ne7 9. Bf4 Ng6 10. Bg3 a5 11. h4 axb4 12. h5 Ne7 13. O-O bxc3 14. Rc1 Nc6 15.
Nxc3 Qd8 16. Nb5 Nc5 17. Bh4 f6 18. exf6 gxf6 19. Bxf6 Qxf6 20. Nc7+ Kf7 21.
Nxa8 Nd4 22. Nxd4 Qxd4 23. Qf3+ Qf6 24. Qxf6+ Kxf6 25. Bb5 e5 26. Nc7 d4 27. f3
Bd6 28. Ne8+ Ke7 29. Nxd6 Kxd6 30. Rd1 Rf8 31. Bd3 Nxd3 32. Rxd3 Rf4 33. g4 Rf7
34. Rc1 Bd7 35. Kg2 Bc6 36. Kg3 h6 37. a3 Rf4 38. Rc2 Rf7 39. Rf2 Kc5 40. Rc2+
Kd6 1/2-1/2

[Event "4NCL/Div3/AD2 vs. SCS1"]
[Site "Telford ENG"]
[Date "2005.01.16"]
[Round "4.8"]
[White "Lowry-O'Reilly, Hannah"]
[Black "McIntosh, Doreen"]
[Result "1-0"]
[WhiteElo "1765"]
[BlackElo "1690"]
[PlyCount "65"]
[EventDate "2005.01.16"]
[EventType "team"]
[EventRounds "11"]
[EventCountry "ENG"]
[SourceDate "2004.09.21"]

1. d4 f5 2. c4 Nf6 3. Nc3 g6 4. e3 Bg7 5. Bd3 O-O 6. Nf3 d6 7. Qc2 Qe8 8. O-O
e5 9. dxe5 dxe5 10. Be2 e4 11. Nd4 c5 12. Ndb5 Qe7 13. Nd5 Nxd5 14. cxd5 Be5
15. Rd1 Bd6 16. Nxd6 Qxd6 17. b3 b6 18. Bb2 Nd7 19. Bb5 Nf6 20. Bc6 Rb8 21. Qc3
Ba6 22. f4 Rf7 23. h3 Kf8 24. Qe1 Bd3 25. Be5 Qd8 26. Bxb8 Qxb8 27. Qc3 Qd6 28.
Rd2 Kg7 29. Rad1 Kh6 30. Qe5 Qf8 31. g4 fxg4 32. hxg4 Ng8 33. Rh2# 1-0

[Event "4NCL/Div3/PPA1 vs. FCA1"]
[Site "Telford ENG"]
[Date "2005.01.16"]
[Round "4.1"]
[White "Hagesaether, Halvard"]
[Black "Smith, Graham"]
[Result "1-0"]
[WhiteElo "2258"]
[BlackElo "2118"]
[PlyCount "63"]
[EventDate "2005.01.16"]
[EventType "team"]
[EventRounds "11"]
[EventCountry "ENG"]
[SourceDate "2004.09.21"]

1. e4 g6 2. d4 Bg7 3. Nc3 d6 4. Bg5 Nd7 5. Qd2 c5 6. Nf3 cxd4 7. Nxd4 Ngf6 8.
O-O-O O-O 9. h4 h5 10. f3 Ne5 11. Kb1 Bd7 12. Nd5 Nxd5 13. exd5 a6 14. g4 hxg4
15. h5 gxf3 16. Bh6 Bxh6 17. Qxh6 Ng4 18. Qd2 e5 19. dxe6 fxe6 20. hxg6 Qf6 21.
Bh3 e5 22. Bxg4 Bxg4 23. Qh6 Qg7 24. Qg5 Rf4 25. Rh7 Qf6 26. Qh6 f2 27. Rf7 Qh8
28. Rh7 Qf6 29. Rxb7 Qh8 30. Rh7 Qf6 31. Nc6 Re8 32. Rb7 1-0

[Event "4NCL/Div3/PPA1 vs. FCA1"]
[Site "Telford ENG"]
[Date "2005.01.16"]
[Round "4.2"]
[White "Ioannides, Milton"]
[Black "Morgan, Ben"]
[Result "0-1"]
[WhiteElo "2082"]
[BlackElo "2239"]
[PlyCount "60"]
[EventDate "2005.01.16"]
[EventType "team"]
[EventRounds "11"]
[EventCountry "ENG"]
[SourceDate "2004.09.21"]

1. e4 c5 2. Nf3 Nc6 3. d4 cxd4 4. Nxd4 g6 5. Nc3 Bg7 6. Be3 Nf6 7. f3 O-O 8.
Qd2 d5 9. Nxc6 bxc6 10. e5 Nd7 11. f4 e6 12. Na4 Nxe5 13. Bc5 Re8 14. fxe5 Qh4+
15. Qf2 Qxa4 16. Bd3 Bxe5 17. O-O f5 18. c3 Qa5 19. Rae1 Bg7 20. g4 Bd7 21. h4
f4 22. h5 g5 23. h6 Bf6 24. b4 Qc7 25. Qc2 Bc8 26. Bd6 Qxd6 27. Bxh7+ Kh8 28.
Qg6 Qe7 29. Rf2 e5 30. Rfe2 Bxg4 0-1

[Event "4NCL/Div3/PPA1 vs. FCA1"]
[Site "Telford ENG"]
[Date "2005.01.16"]
[Round "4.3"]
[White "Munson, Shaun D"]
[Black "Fraser-Mitchell, Jeremy"]
[Result "1-0"]
[WhiteElo "2272"]
[BlackElo "2092"]
[PlyCount "109"]
[EventDate "2005.01.16"]
[EventType "team"]
[EventRounds "11"]
[EventCountry "ENG"]
[SourceDate "2004.09.21"]

1. d4 f5 2. Bg5 h6 3. Bh4 g5 4. e4 Nf6 5. e5 Bg7 6. exf6 Bxf6 7. Bg3 f4 8. Bxf4
gxf4 9. Qh5+ Kf8 10. Qf5 d6 11. Qxf4 e5 12. Qf3 Nc6 13. Ne2 exd4 14. Nd2 Ne5
15. Qf4 Ng6 16. Qe4 Kg7 17. O-O-O d5 18. Qf3 c5 19. Ng3 Rf8 20. Nh5+ Kh7 21.
Bd3 Bg5 22. Qg3 Bf5 23. f4 Bxf4 24. Nxf4 Nxf4 25. Qxf4 Bxd3 26. Qg3 Bg6 27. h4
Rg8 28. Nf3 Qf6 29. Ng5+ Kh8 30. Rhf1 Qe7 31. Rde1 Be4 32. Qh3 Rxg5 33. hxg5
Qxg5+ 34. Kb1 Bxg2 35. Qe6 Bxf1 36. Rxf1 Rg8 37. a3 b6 38. Rf6 Rg7 39. Rxh6+
Rh7 40. Rg6 Qxg6 41. Qxg6 Rg7 42. Qh5+ Kg8 43. Qxd5+ Rf7 44. Ka2 Kf8 45. Kb3
Re7 46. Kc4 Ke8 47. Kb5 Rd7 48. Qe6+ Re7 49. Qd5 Rd7 50. Qg8+ Ke7 51. Kc6 Rd6+
52. Kc7 Rd7+ 53. Kc8 Rd6 54. Qg7+ Ke6 55. Kc7 1-0

[Event "4NCL/Div3/PPA1 vs. FCA1"]
[Site "Telford ENG"]
[Date "2005.01.16"]
[Round "4.4"]
[White "Freeman, Richard C P"]
[Black "Byway, Paul"]
[Result "1/2-1/2"]
[WhiteElo "2117"]
[BlackElo "2193"]
[PlyCount "74"]
[EventDate "2005.01.16"]
[EventType "team"]
[EventRounds "11"]
[EventCountry "ENG"]
[SourceDate "2004.09.21"]

1. d4 Nf6 2. Bg5 e6 3. e4 h6 4. Bxf6 Qxf6 5. Qd2 Nc6 6. Nf3 d6 7. Nc3 g6 8. Bb5
a6 9. Bxc6+ bxc6 10. d5 cxd5 11. exd5 Bg7 12. O-O O-O 13. Nd1 exd5 14. Qxd5 Rb8
15. Ne1 Rb5 16. Qd2 Bb7 17. c4 Rh5 18. f4 Qh4 19. h3 Re8 20. Rc1 Qg3 21. Qf2
Qxf2+ 22. Nxf2 Ra5 23. a3 Bxb2 24. Rb1 Bc3 25. Rxb7 Bxe1 26. Rxc7 Rxa3 27. Ng4
Kg7 28. f5 g5 29. f6+ Kg6 30. Re7 Rc8 31. Rexe1 Rxc4 32. Ra1 Rxa1 33. Rxa1 Rc6
34. Ra5 h5 35. Nf2 Kxf6 36. Ne4+ Ke7 37. Rxg5 Rc4 1/2-1/2

[Event "4NCL/Div3/PPA1 vs. FCA1"]
[Site "Telford ENG"]
[Date "2005.01.16"]
[Round "4.5"]
[White "Dignam, Matthew"]
[Black "Elwin, Adrian G"]
[Result "1-0"]
[WhiteElo "2149"]
[BlackElo "2077"]
[PlyCount "79"]
[EventDate "2005.01.16"]
[EventType "team"]
[EventRounds "11"]
[EventCountry "ENG"]
[SourceDate "2004.09.21"]

1. e4 c6 2. c4 d5 3. exd5 cxd5 4. cxd5 Nf6 5. Bb5+ Bd7 6. Bc4 Qc7 7. d3 b5 8.
Bb3 Na6 9. Nf3 Nc5 10. O-O a5 11. Bg5 Nxb3 12. Qxb3 a4 13. Qc3 Nxd5 14. Qd4 e6
15. Re1 Qc5 16. Qe4 Rc8 17. Na3 Qd6 18. Nd4 f5 19. Nxf5 Qc6 20. Nd4 Nf6 21. Qh4
Qd5 22. Nac2 Bc5 23. Bxf6 gxf6 24. Qxf6 Rf8 25. Qe5 Qxe5 26. Rxe5 Rf4 27. Nxe6
Bxe6 28. Rxe6+ Kf7 29. Re2 Rxf2 30. Rxf2+ Bxf2+ 31. Kxf2 Rxc2+ 32. Ke3 Rxg2 33.
Rf1+ Ke6 34. Rf2 Rg1 35. Kd4 Rc1 36. a3 Rc7 37. Re2+ Kf6 38. h4 h6 39. Re5 Rd7+
40. Rd5 1-0

[Event "4NCL/Div3/PPA1 vs. FCA1"]
[Site "Telford ENG"]
[Date "2005.01.16"]
[Round "4.6"]
[White "Kendall, Paul S N"]
[Black "Rosen, Daniel B"]
[Result "1/2-1/2"]
[WhiteElo "2064"]
[BlackElo "2167"]
[PlyCount "41"]
[EventDate "2005.01.16"]
[EventType "team"]
[EventRounds "11"]
[EventCountry "ENG"]
[SourceDate "2004.09.21"]

1. e4 g6 2. d4 Bg7 3. Nc3 d6 4. f4 Nf6 5. Nf3 c5 6. e5 Ng4 7. Bb5+ Bd7 8. e6
Bxb5 9. exf7+ Kd7 10. Nxb5 Qa5+ 11. Nc3 cxd4 12. Nxd4 Bxd4 13. Qxg4+ Qf5 14.
Qxf5+ gxf5 15. Nb5 Nc6 16. c3 Bb6 17. Bd2 Raf8 18. O-O-O Rxf7 19. Rhe1 Rg8 20.
g3 h5 21. Be3 1/2-1/2

[Event "4NCL/Div3/PPA1 vs. FCA1"]
[Site "Telford ENG"]
[Date "2005.01.16"]
[Round "4.7"]
[White "Gregory, Stephen J"]
[Black "Valentine, Brian J"]
[Result "1-0"]
[WhiteElo "2167"]
[BlackElo "2050"]
[PlyCount "121"]
[EventDate "2005.01.16"]
[EventType "team"]
[EventRounds "11"]
[EventCountry "ENG"]
[SourceDate "2004.09.21"]

1. e4 Nc6 2. Bb5 e5 3. Bxc6 bxc6 4. d3 d5 5. Nd2 Ne7 6. Ngf3 Ng6 7. O-O Bd6 8.
c4 dxc4 9. Nxc4 O-O 10. b3 Bg4 11. h3 Bd7 12. d4 exd4 13. Qxd4 Qe7 14. Bb2 f6
15. Nxd6 cxd6 16. Rad1 Rfd8 17. Qxd6 Qxe4 18. Rfe1 Qf4 19. Ba3 Qxd6 20. Rxd6
Be8 21. g3 Rxd6 22. Bxd6 Bf7 23. Nd4 Bd5 24. f4 Rd8 25. Bc5 a6 26. Kf2 Kf7 27.
Nf5 Ra8 28. h4 h5 29. Re3 Rd8 30. a3 Rd7 31. Nd6+ Kg8 32. Re8+ Kh7 33. b4 Nh8
34. Ra8 Nf7 35. Nxf7 Rxf7 36. Rxa6 g5 37. Ra8 gxf4 38. gxf4 Rg7 39. Rf8 Rg2+
40. Ke3 Rg3+ 41. Kd4 Rxa3 42. Rxf6 Ra1 43. Rd6 Rd1+ 44. Ke5 Bf3 45. Rf6 Rh1 46.
Kf5 Rxh4 47. Rf7+ Kg8 48. Rf8+ Kg7 49. Ra8 Rg4 50. Bd4+ Kf7 51. Ra7+ Ke8 52.
Be5 Rg2 53. Kf6 Bd5 54. Rh7 Rg8 55. Bd6 Bf3 56. f5 Rg2 57. Be5 Rg8 58. Ke6 Be2
59. Re7+ Kd8 60. Ra7 Re8+ 61. Kd6 1-0

[Event "4NCL/Div3/PPA1 vs. FCA1"]
[Site "Telford ENG"]
[Date "2005.01.16"]
[Round "4.8"]
[White "Harbour, Tom"]
[Black "Djabri, Kathy"]
[Result "1/2-1/2"]
[WhiteElo "1940"]
[BlackElo "2013"]
[PlyCount "60"]
[EventDate "2005.01.16"]
[EventType "team"]
[EventRounds "11"]
[EventCountry "ENG"]
[SourceDate "2004.09.21"]

1. c4 c5 2. Nc3 Nc6 3. g3 g6 4. Bg2 Bg7 5. d3 d6 6. Rb1 e5 7. e3 Bd7 8. a3 f5
9. Nge2 Nf6 10. b4 Rb8 11. f4 O-O {=} 12. O-O Re8 13. Re1 Nh5 14. Nd5 exf4 15.
exf4 Nf6 16. Bb2 Nxd5 17. Bxd5+ Be6 18. Bxg7 Kxg7 19. Nc3 Bxd5 20. Nxd5 Nd4 21.
Kg2 Qd7 22. Qd2 b6 23. Rxe8 Rxe8 24. Re1 Kf7 25. b5 Rxe1 26. Qxe1 Qb7 27. a4
Nc2 28. Qe2 Nb4 29. Qf3 Nxd5 30. cxd5 Qe7 1/2-1/2